000 00443cam a2200181ua 4500
020 _c1.50
041 _amal
_h
082 _a894.812809
_bSAN/SA
100 _aSankaranezhuthachan, K .
245 _aSahithyaswadanam /
_cK Sankaranezhuthachan.
_hTextual Documents
250 _a3 /
_b.
260 _aCalicut :
_bP K Brothers ,
_c1963.
300 _a130 ; .
365 _a1.50
504 _a
942 _cBK
999 _c12802
_d12802